[Event "Aaronson Masters 2nd"]
[Site "London"]
[Date "1979.04.17"]
[Round "6"]
[White "Ligterink, Gert"]
[Black "Janosevic, Dragoljub"]
[Result "1-0"]
[WhiteElo "2440"]
[BlackElo "2400"]
[PlyCount "77"]
[EventDate "1979.04.12"]
[EventType "swiss"]
[EventRounds "9"]
[EventCountry "ENG"]

1. e4 c5 2. Nf3 Nc6 3. d4 cxd4 4. Nxd4 Qc7 5. Nc3 e6 6. Be2 a6 7. O-O Nf6 8.
Kh1 d6 9. Be3 Bd7 10. f4 b5 11. a3 Be7 12. Qe1 O-O 13. Qg3 Nxd4 14. Bxd4 Bc6
15. Rae1 Qb7 16. Bd3 b4 17. Nd1 a5 18. axb4 axb4 19. Nf2 Ra5 20. c3 b3 21. e5
dxe5 22. fxe5 Nh5 23. Qh3 g6 24. Ng4 Ra2 25. Rf2 Bg5 26. Be3 Qe7 27. Ref1 Rd8
28. Bc4 Bd5 29. Bxd5 exd5 30. Bxg5 Qxg5 31. Rxf7 Ra4 32. Qf3 Rxg4 33. Rf8+ Kg7
34. Rxd8 Rf4 35. Rd7+ Kh6 36. Qd1 Rh4 37. Qf3 Rf4 38. Qd3 Qf5 39. Qxf5 1-0

[Event "Aaronson Masters 2nd"]
[Site "London"]
[Date "1979.04.17"]
[Round "6"]
[White "Plaskett, H James"]
[Black "Littlewood, Paul E"]
[Result "0-1"]
[WhiteElo "2410"]
[BlackElo "2405"]
[PlyCount "104"]
[EventDate "1979.04.12"]
[EventType "swiss"]
[EventRounds "9"]
[EventCountry "ENG"]

1. e4 e5 2. Nf3 Nc6 3. Bb5 a6 4. Ba4 Nf6 5. O-O Be7 6. Re1 b5 7. Bb3 O-O 8. d4
d6 9. c3 Bg4 10. d5 Na5 11. Bc2 c6 12. h3 Bc8 13. dxc6 Qc7 14. Nbd2 Qxc6 15.
Nf1 Nc4 16. Ng3 Re8 17. a4 h6 18. Nh4 Bb7 19. Nhf5 Bf8 20. Qf3 Re6 21. b3 Nb6
22. a5 Nbd7 23. b4 d5 24. Bd2 Qc7 25. exd5 Bxd5 26. Qe2 Rc6 27. Ne3 Be6 28.
Ngf5 g6 29. Ng3 Rd8 30. h4 h5 31. Bd3 Rd6 32. Nef1 Bg7 33. Rad1 Nf8 34. Bc2 Bc4
35. Qf3 Bd3 36. Bb3 e4 37. Qf4 Qd7 38. Be3 Ne6 39. Bxe6 Qxe6 40. Bc5 R6d7 41.
Qc1 Qg4 42. Qg5 Rd5 43. Qxg4 Nxg4 44. Rc1 f5 45. f3 exf3 46. gxf3 Ne5 47. Nh2
Bc4 48. Bb6 R8d7 49. Rc2 Kf7 50. Ngf1 Rd1 51. Re3 Nd3 52. Ree2 Bb3 0-1

[Event "Aaronson Masters 2nd"]
[Site "London"]
[Date "1979.04.17"]
[Round "6"]
[White "Short, Nigel David"]
[Black "Bennett, Terry B"]
[Result "1-0"]
[WhiteElo "2260"]
[BlackElo "2290"]
[PlyCount "77"]
[EventDate "1979.04.12"]
[EventType "swiss"]
[EventRounds "9"]
[EventCountry "ENG"]

1. e4 e6 2. d4 d5 3. Nc3 Bb4 4. e5 Ne7 5. Nf3 c5 6. a3 Bxc3+ 7. bxc3 Nbc6 8.
Be2 Bd7 9. dxc5 Qa5 10. Rb1 Nxe5 11. Nxe5 Qxc3+ 12. Qd2 Qxe5 13. Rxb7 Bc6 14.
Bb2 d4 15. Bxd4 Qe4 16. f3 Qh4+ 17. g3 Qh5 18. Bxg7 Rd8 19. Rxe7+ Kxe7 20. Qf4
Rhe8 21. Qc7+ Rd7 22. Qxc6 Qg5 23. Bb2 Rb8 24. f4 Qf5 25. Be5 Rb1+ 26. Kf2 Rxh1
27. Bd6+ Kf6 28. Qxh1 Rxd6 29. cxd6 Qc5+ 30. Kf1 Qxd6 31. Qf3 Qc5 32. c4 a5 33.
g4 Kg7 34. Kg2 h6 35. Qb3 a4 36. Qc3+ f6 37. Bf3 e5 38. f5 Qe7 39. Bd5 1-0

[Event "Aaronson Masters 2nd"]
[Site "London"]
[Date "1979.04.17"]
[Round "6"]
[White "Watson, John"]
[Black "Fuller, Maxwell L"]
[Result "1-0"]
[WhiteElo "2375"]
[BlackElo "2380"]
[PlyCount "49"]
[EventDate "1979.04.12"]
[EventType "swiss"]
[EventRounds "9"]
[EventCountry "ENG"]

1. c4 g6 2. Nc3 c5 3. g3 Bg7 4. Bg2 Nc6 5. a3 e6 6. Rb1 a5 7. h4 Nge7 8. h5 d5
9. cxd5 exd5 10. d3 Be6 11. Nh3 f6 12. Nf4 Bf7 13. h6 Bf8 14. Qb3 a4 15. Nxa4
Qa5+ 16. Nc3 d4 17. Qxb7 Rc8 18. b4 cxb4 19. Bxc6+ Rxc6 20. axb4 Qe5 21. Ne4 g5
22. Ra1 Rxc1+ 23. Rxc1 gxf4 24. Qa8+ Kd7 25. Nc5+ 1-0

[Event "Aaronson Masters 2nd"]
[Site "London"]
[Date "1979.04.18"]
[Round "7"]
[White "Basman, Michael J"]
[Black "Kopec, Danny"]
[Result "0-1"]
[WhiteElo "2405"]
[BlackElo "2365"]
[PlyCount "34"]
[EventDate "1979.04.12"]
[EventType "swiss"]
[EventRounds "9"]
[EventCountry "ENG"]

1. b4 e5 2. a3 d5 3. e3 a5 4. Bb2 Nd7 5. c4 axb4 6. Nf3 e4 7. Nd4 Ngf6 8. axb4
Rxa1 9. Bxa1 Bxb4 10. Qb3 Bd6 11. cxd5 O-O 12. Bc4 Nc5 13. Qa2 Ng4 14. Nc3 Qh4
15. g3 Qh3 16. Nce2 Qg2 17. Rf1 Nd3+ 0-1

[Event "Aaronson Masters 2nd"]
[Site "London"]
[Date "1979.04.18"]
[Round "7"]
[White "Bellin, Robert"]
[Black "Gruchacz, Robert"]
[Result "1-0"]
[WhiteElo "2425"]
[BlackElo "2355"]
[PlyCount "59"]
[EventDate "1979.04.12"]
[EventType "swiss"]
[EventRounds "9"]
[EventCountry "ENG"]

1. e4 c5 2. Nf3 e6 3. b3 b6 4. Bb2 Bb7 5. Nc3 a6 6. Qe2 d6 7. d4 cxd4 8. Nxd4
Nd7 9. O-O-O Qg5+ 10. Kb1 Rc8 11. h4 Qa5 12. Rh3 b5 13. Re3 Kd8 14. a3 Qb6 15.
Qh5 g6 16. Qf3 e5 17. Nd5 Bxd5 18. exd5 f5 19. Ne6+ Ke7 20. g4 Bh6 21. g5 Bf8
22. h5 Kf7 23. Qh3 Bg7 24. f4 Ne7 25. Nxg7 Kxg7 26. fxe5 Nxe5 27. Qg3 Kf7 28.
Rxe5 dxe5 29. Qxe5 Rhg8 30. d6 1-0

[Event "Aaronson Masters 2nd"]
[Site "London"]
[Date "1979.04.18"]
[Round "7"]
[White "Britton, Richard"]
[Black "Kouatly, Bachar"]
[Result "1-0"]
[WhiteElo "2320"]
[BlackElo "2335"]
[PlyCount "101"]
[EventDate "1979.04.12"]
[EventType "swiss"]
[EventRounds "9"]
[EventCountry "ENG"]

1. e4 c5 2. Nf3 Nc6 3. d4 cxd4 4. Nxd4 Nf6 5. Nc3 e6 6. Ndb5 d6 7. Bf4 e5 8.
Bg5 a6 9. Na3 b5 10. Bxf6 gxf6 11. Nd5 f5 12. Bd3 Be6 13. O-O Bg7 14. Qh5 f4
15. c4 bxc4 16. Bxc4 O-O 17. Rac1 Rb8 18. b3 Qa5 19. Nb1 Bxd5 20. Bxd5 Nb4 21.
Bc4 d5 22. exd5 Nxd5 23. Qf5 Rb6 24. Rfd1 Ne7 25. Qg5 Rf6 26. Nc3 Nc6 27. Ne4
Rg6 28. Qf5 Qb6 29. Nc5 Nd4 30. Rxd4 exd4 31. Nd7 Qc6 32. Qh3 d3 33. Nxf8 d2
34. Rf1 Kxf8 35. g3 Rd6 36. Qh5 Qd7 37. Rd1 Qe7 38. Kg2 h6 39. Qf5 Be5 40. Bxa6
Kg7 41. Bd3 Qg5 42. Qe4 Rd4 43. Qf3 fxg3 44. hxg3 Qd8 45. Bc4 Qe7 46. Bd3 Qb4
47. Qe2 Qb7+ 48. Kg1 Qc7 49. Rxd2 Kf8 50. Rc2 Qd6 51. Be4 1-0

[Event "Aaronson Masters 2nd"]
[Site "London"]
[Date "1979.04.18"]
[Round "7"]
[White "Littlewood, Paul E"]
[Black "Ligterink, Gert"]
[Result "1/2-1/2"]
[WhiteElo "2405"]
[BlackElo "2440"]
[PlyCount "59"]
[EventDate "1979.04.12"]
[EventType "swiss"]
[EventRounds "9"]
[EventCountry "ENG"]
[SourceTitle "Littlewood, Paul"]
[Source "BritBase"]
[SourceDate "2021.09.21"]
[SourceVersion "1"]
[SourceVersionDate "2021.09.21"]
[SourceQuality "1"]

1. e4 c5 ({Paul Littlewood's memory of the game had been} 1... e5 2. Nf3 Nc6 3.
Bb5 a6 4. Ba4 Nf6 5. O-O Be7 6. Re1 b5 7. Bb3 O-O 8. c3 d6 9. h3 {½-½, but
he does not have a written score of the game.}) 2. Nf3 e6 3. d3 Nc6 4. g3 d5 5.
Nbd2 Bd6 6. Bg2 Nge7 7. O-O O-O 8. Re1 Bc7 9. Nf1 b6 10. Qe2 a5 11. a4 Ba6 12.
exd5 Nxd5 13. Qe4 Bb7 14. Ne3 Ncb4 15. Nxd5 exd5 16. Qe2 Re8 17. Qd1 Rxe1+ 18.
Nxe1 Qd7 19. Be3 Re8 20. c3 Nc6 21. Nc2 Nd8 22. d4 c4 23. Bd2 Bc6 24. Ne3 Ne6
25. h4 Ba8 26. Qg4 Rd8 27. h5 b5 28. axb5 Qxb5 29. Bc1 Qd7 30. Qf5 {Source:
Gert Ligterink, contributed 8 October 2021} 1/2-1/2

[Event "Aaronson Masters 2nd"]
[Site "London"]
[Date "1979.04.18"]
[Round "7"]
[White "Povah, Nigel Edward"]
[Black "Watson, William N"]
[Result "0-1"]
[WhiteElo "2325"]
[BlackElo "2265"]
[PlyCount "74"]
[EventDate "1979.04.12"]
[EventType "swiss"]
[EventRounds "9"]
[EventCountry "ENG"]

1. e4 c5 2. Nf3 d6 3. d4 cxd4 4. Nxd4 Nf6 5. Nc3 g6 6. Be3 Bg7 7. f3 Nc6 8. Qd2
O-O 9. Bc4 Bd7 10. O-O-O Rc8 11. Bb3 Ne5 12. Bg5 Nc4 13. Bxc4 Rxc4 14. Nb3 Be6
15. e5 Ne8 16. exd6 Nxd6 17. Nb5 Qb6 18. Nxd6 exd6 19. Be3 Qa6 20. Kb1 Bf5 21.
Nd4 Bxd4 22. Bxd4 Bxc2+ 23. Qxc2 Rxc2 24. Kxc2 Qxa2 25. Bc3 b5 26. Rxd6 b4 27.
Bd4 Rc8+ 28. Kd2 Qc4 29. Ra1 Qc2+ 30. Ke3 Re8+ 31. Kf4 Qc7 32. Raa6 Qc1+ 33.
Kg3 Qg5+ 34. Kh3 Re2 35. Rac6 Qxg2+ 36. Kh4 Qxh2+ 37. Kg5 Qg3+ 0-1

[Event "Aaronson Masters 2nd"]
[Site "London"]
[Date "1979.04.18"]
[Round "7"]
[White "Sanz Alonso, Francisco Javier"]
[Black "Law, Andrew P"]
[Result "1-0"]
[WhiteElo "2390"]
[BlackElo "2375"]
[PlyCount "73"]
[EventDate "1979.04.12"]
[EventType "swiss"]
[EventRounds "9"]
[EventCountry "ENG"]

1. e4 c5 2. c3 e6 3. d4 d5 4. e5 Nc6 5. Nf3 Qb6 6. a3 c4 7. g3 Bd7 8. Bh3 Na5
9. Nbd2 Be7 10. O-O h5 11. Rb1 g5 12. Bg2 Nh6 13. Re1 O-O-O 14. Nf1 Rdg8 15.
N3d2 Nf5 16. Ne3 Nxe3 17. Rxe3 Bc6 18. b4 cxb3 19. c4 dxc4 20. Nxc4 Nxc4 21.
Rexb3 Qa6 22. Rxb7 Bd8 23. Rb8+ Kc7 24. Bxc6 Qxc6 25. R1b7+ Qxb7 26. Rxb7+ Kxb7
27. Qf3+ Kb8 28. Qxf7 Re8 29. a4 g4 30. Qd7 Bb6 31. Bf4 Rd8 32. Qxe6 Rxd4 33.
Qf6 Rc8 34. e6+ Kb7 35. Qf7+ Ka6 36. Qxh5 Re4 37. Qb5+ 1-0

[Event "Aaronson Masters 2nd"]
[Site "London"]
[Date "1979.04.19"]
[Round "8"]
[White "Caldwell, Susan Linda"]
[Black "Macdonald-Ross, Michael"]
[Result "1-0"]
[WhiteElo "2075"]
[BlackElo "2270"]
[PlyCount "65"]
[EventDate "1979.04.12"]
[EventType "swiss"]
[EventRounds "9"]
[EventCountry "ENG"]

1. e4 c6 2. c4 e5 3. Nf3 Nf6 4. Nxe5 d6 5. Nf3 Nxe4 6. d4 Be7 7. Bd3 Nf6 8. O-O
Bg4 9. h3 Bh5 10. Re1 O-O 11. Bg5 Nbd7 12. Nbd2 Bg6 13. Bxg6 hxg6 14. Qb3 Rb8
15. Re2 Re8 16. Rae1 Nf8 17. Ne4 Ne6 18. Bh4 Nxe4 19. Bxe7 Qxe7 20. Rxe4 Qd7
21. Qe3 Nc7 22. Re7 Qf5 23. Qa3 Rxe7 24. Rxe7 Ne8 25. Qxa7 Qc8 26. Ng5 Qd8 27.
Nf3 Nc7 28. Re2 Na6 29. a3 Qc7 30. b4 Rd8 31. b5 cxb5 32. cxb5 Qc1+ 33. Re1 1-0

[Event "Aaronson Masters 2nd"]
[Site "London"]
[Date "1979.04.19"]
[Round "8"]
[White "Gruchacz, Robert"]
[Black "Bennett, Terry B"]
[Result "1-0"]
[WhiteElo "2355"]
[BlackElo "2290"]
[PlyCount "29"]
[EventDate "1979.04.12"]
[EventType "swiss"]
[EventRounds "9"]
[EventCountry "ENG"]

1. e4 e6 2. d4 d5 3. Nc3 Bb4 4. e5 c5 5. Qg4 Ne7 6. Nf3 O-O 7. Bd3 Nf5 8. Bg5
Qa5 9. Bf6 Bxc3+ 10. bxc3 Qxc3+ 11. Ke2 Kh8 12. Bxf5 gxf6 13. exf6 Rg8 14. Ng5
Rg6 15. Nxf7+ 1-0

[Event "Aaronson Masters 2nd"]
[Site "London"]
[Date "1979.04.19"]
[Round "8"]
[White "Hodgson, Julian M"]
[Black "Goodman, David SC"]
[Result "1-0"]
[WhiteElo "2285"]
[BlackElo "2340"]
[PlyCount "52"]
[EventDate "1979.04.12"]
[EventType "swiss"]
[EventRounds "9"]
[EventCountry "ENG"]

1. e4 g6 2. Nc3 Bg7 3. d4 d6 4. Nf3 Nf6 5. Bg5 O-O 6. Qd2 Bg4 7. O-O-O Nc6 8.
Be2 Nd7 9. h4 h5 10. Nh2 Bxe2 11. Nxe2 Nf6 12. Bxf6 exf6 13. g4 hxg4 14. Nxg4
Re8 15. Ng3 Nxd4 16. h5 Ne6 17. hxg6 fxg6 18. f4 Qd7 19. Rdf1 Qa4 20. Kb1 Qd4
21. Qh2 f5 22. Qh7+ Kf8 23. e5 dxe5 24. Nh6 Bxh6 25. Rxh6 Nxf4 26. Nxf5 gxf5
1-0

[Event "Aaronson Masters 2nd"]
[Site "London"]
[Date "1979.04.19"]
[Round "8"]
[White "Kopec, Danny"]
[Black "Janosevic, Dragoljub"]
[Result "1/2-1/2"]
[WhiteElo "2365"]
[BlackElo "2400"]
[PlyCount "91"]
[EventDate "1979.04.12"]
[EventType "swiss"]
[EventRounds "9"]
[EventCountry "ENG"]

1. e4 c5 2. Nf3 Nc6 3. Bd3 d6 4. c3 g6 5. Bc2 Bg7 6. h3 e5 7. d3 Nge7 8. O-O
O-O 9. Be3 f5 10. exf5 Nxf5 11. Bb3+ Kh8 12. Bg5 Bf6 13. Bxf6+ Qxf6 14. Nbd2
Nh4 15. Nxh4 Qxh4 16. Ne4 Qe7 17. Qd2 Rf4 18. Rae1 Bd7 19. Bd5 Raf8 20. Re3 Be6
21. Bxc6 bxc6 22. b3 Bd5 23. f3 Qd8 24. Rfe1 Kg8 25. Kh2 Qc7 26. Kg1 a5 27. d4
cxd4 28. cxd4 Qb6 29. dxe5 Bxe4 30. fxe4 dxe5 31. Kh2 Rf2 32. R1e2 Rxe2 33.
Qxe2 Qd4 34. Rd3 Qf2 35. Rd2 Qf4+ 36. Kg1 Rf7 37. Rc2 Rf6 38. Rc3 Kg7 39. Rc5
Rd6 40. Qf3 Qxf3 41. gxf3 Kf6 42. Kg2 Rd2+ 43. Kg3 Rxa2 44. Rxc6+ Kf7 45. Rc7+
Kf6 46. Rxh7 1/2-1/2

[Event "Aaronson Masters 2nd"]
[Site "London"]
[Date "1979.04.19"]
[Round "8"]
[White "Large, Peter G"]
[Black "Fuller, Maxwell L"]
[Result "0-1"]
[WhiteElo "2265"]
[BlackElo "2380"]
[PlyCount "64"]
[EventDate "1979.04.12"]
[EventType "swiss"]
[EventRounds "9"]
[EventCountry "ENG"]

1. e4 g6 2. d4 Bg7 3. c4 d6 4. Nc3 Nc6 5. d5 Nd4 6. Be3 c5 7. Nge2 Nxe2 8. Bxe2
Nf6 9. O-O O-O 10. f4 a6 11. g4 b5 12. g5 Nd7 13. cxb5 axb5 14. Bxb5 Qa5 15.
Qd3 Ba6 16. Bxa6 Qxa6 17. Qxa6 Rxa6 18. Rf2 Rb8 19. Rc1 Rb4 20. Kg2 Bxc3 21.
bxc3 Rxe4 22. Kf3 Rea4 23. Rb1 Nb6 24. Bc1 Rc4 25. Rd2 Rxc3+ 26. Kg4 Nd7 27.
Re2 f5+ 28. gxf6 Nxf6+ 29. Kh4 h6 30. Rb8+ Kf7 31. Rb7 g5+ 32. fxg5 Ra4+ 0-1

[Event "Aaronson Masters 2nd"]
[Site "London"]
[Date "1979.04.19"]
[Round "8"]
[White "Littlewood, Paul E"]
[Black "Rivas Pastor, Manuel"]
[Result "1-0"]
[WhiteElo "2405"]
[BlackElo "2365"]
[PlyCount "95"]
[EventDate "1979.04.12"]
[EventType "swiss"]
[EventRounds "9"]
[EventCountry "ENG"]

1. e4 e5 2. Nf3 Nc6 3. Bb5 d6 4. d4 exd4 5. Qxd4 Bd7 6. Bxc6 Bxc6 7. Nc3 Nf6 8.
b3 g6 9. Bg5 Bg7 10. e5 dxe5 11. Qxe5+ Kf8 12. O-O h6 13. Rad1 Nd7 14. Qxg7+
Kxg7 15. Bxd8 Raxd8 16. Nd4 Nb8 17. b4 a6 18. a4 b6 19. f3 Rd6 20. b5 Bb7 21.
Kf2 Rhd8 22. Nb3 Kf6 23. Rxd6+ Rxd6 24. Re1 axb5 25. axb5 Nd7 26. Ra1 Ke6 27.
Ra7 Bd5 28. Nd4+ Ke7 29. Rxc7 Kd8 30. Ra7 f5 31. Ke3 Ke7 32. Rc7 Kd8 33. Nxd5
Rxd5 34. Rc6 Ne5 35. Re6 Kd7 36. Rf6 Ke7 37. Re6+ Kd7 38. Kf4 g5+ 39. Kxf5 Nc6+
40. Kg6 Nxd4 41. Rxb6 Nxb5 42. Kxh6 Nd4 43. Rg6 Ne2 44. Rxg5 Rd2 45. c4 Nf4 46.
Rf5 Nxg2 47. Rd5+ Ke6 48. Rxd2 1-0

[Event "Aaronson Masters 2nd"]
[Site "London"]
[Date "1979.04.19"]
[Round "8"]
[White "Niklasson, Christer"]
[Black "Van Baarle, C John"]
[Result "1-0"]
[WhiteElo "2385"]
[BlackElo "2325"]
[PlyCount "71"]
[EventDate "1979.04.12"]
[EventType "swiss"]
[EventRounds "9"]
[EventCountry "ENG"]

1. d4 Nf6 2. c4 e6 3. Nc3 Bb4 4. a3 Bxc3+ 5. bxc3 c5 6. e3 O-O 7. Bd3 Nc6 8.
Ne2 d5 9. cxd5 exd5 10. O-O Re8 11. f3 cxd4 12. cxd4 Be6 13. Rb1 Qc7 14. Qe1
Nd7 15. Qh4 Nf8 16. e4 Ng6 17. Qf2 Qd7 18. e5 Rf8 19. f4 f5 20. exf6 Rxf6 21.
f5 Qc8 22. g4 Bd7 23. Qg2 Nge7 24. Nf4 Rd6 25. Be3 Na5 26. Rbc1 Bc6 27. Nh5 Nc4
28. Bg5 Qc7 29. f6 Ng6 30. fxg7 Re6 31. Rxc4 dxc4 32. Bxc4 Qd6 33. Bxe6+ Qxe6
34. d5 Qe5 35. dxc6 Qxg5 36. Qa2+ 1-0

[Event "Aaronson Masters 2nd"]
[Site "London"]
[Date "1979.04.19"]
[Round "8"]
[White "Nikolic, Stanimir"]
[Black "Macpherson, H Dugald"]
[Result "0-1"]
[WhiteElo "2440"]
[BlackElo "2330"]
[PlyCount "108"]
[EventDate "1979.04.12"]
[EventType "swiss"]
[EventRounds "9"]
[EventCountry "ENG"]

1. e4 Nf6 2. e5 Nd5 3. d4 d6 4. exd6 cxd6 5. Nf3 g6 6. c4 Nb6 7. b3 Bg7 8. Bb2
O-O 9. Be2 Nc6 10. Nc3 Bg4 11. d5 Bxf3 12. Bxf3 Nd4 13. Be4 Nd7 14. O-O Nc5 15.
Bb1 Qa5 16. Kh1 Nb5 17. cxb5 Bxc3 18. Bxc3 Qxc3 19. Bc2 Rac8 20. Re1 Rc7 21.
Re3 Qf6 22. Qe1 Rfc8 23. Rd1 Nd7 24. Bb1 Nb6 25. Qd2 Rc5 26. Be4 Rxb5 27. g3
Rbc5 28. Kg2 Rc3 29. Re2 Nd7 30. f4 R3c7 31. Qe3 b6 32. Bf3 Kf8 33. Bg4 Rc3 34.
Qe4 R8c7 35. h4 Nc5 36. Qb1 Na6 37. Rf2 Nb4 38. Rdd2 Re3 39. Rfe2 Rcc3 40. Rxe3
Rxe3 41. Qc1 Qc3 42. Qxc3 Rxc3 43. Bd1 Rc5 44. Bf3 Rc2 45. Rxc2 Nxc2 46. Be4
Nb4 47. a3 f5 48. axb4 fxe4 49. Kf2 e6 50. dxe6 h5 51. g4 hxg4 52. f5 Ke7 53.
fxg6 Kxe6 54. Ke3 g3 0-1

[Event "Aaronson Masters 2nd"]
[Site "London"]
[Date "1979.04.20"]
[Round "9"]
[White "Bailey, Richard"]
[Black "Hebden, Mark L"]
[Result "0-1"]
[WhiteElo "2305"]
[BlackElo "2230"]
[PlyCount "72"]
[EventDate "1979.04.12"]
[EventType "swiss"]
[EventRounds "9"]
[EventCountry "ENG"]

1. d4 Nf6 2. c4 c5 3. Nf3 g6 4. Nc3 Bg7 5. d5 d6 6. e4 O-O 7. Be2 a6 8. a4 b6
9. O-O Bb7 10. Bf4 Nbd7 11. Nd2 Ne8 12. Bg3 e5 13. a5 h5 14. f3 Bh6 15. Bf2 Ng7
16. Nb3 Rc8 17. axb6 Nxb6 18. Na5 Ba8 19. Qc2 h4 20. Rfd1 Nh5 21. Nc6 Qg5 22.
Rxa6 Nf4 23. g3 Nh5 24. Kg2 Nd7 25. Nb5 Bb7 26. Ra7 Bxc6 27. dxc6 Nb8 28. Nxd6
Rxc6 29. Qb3 hxg3 30. hxg3 Nf4+ 31. Kf1 Qh5 32. gxf4 Qh1+ 33. Bg1 Bxf4 34. Rxf7
Nd7 35. Rxf8+ Nxf8 36. Nb5 Bg3 0-1

[Event "Aaronson Masters 2nd"]
[Site "London"]
[Date "1979.04.20"]
[Round "9"]
[White "Basman, Michael J"]
[Black "Bulford, Michael J"]
[Result "1-0"]
[WhiteElo "2405"]
[BlackElo "2295"]
[PlyCount "48"]
[EventDate "1979.04.12"]
[EventType "swiss"]
[EventRounds "9"]
[EventCountry "ENG"]

1. b4 e5 2. a3 d5 3. e3 Bd6 4. Bb2 Nf6 5. Nf3 Qe7 6. c4 c6 7. Nc3 O-O 8. cxd5
e4 9. Nd4 cxd5 10. Qb3 Be6 11. Be2 Nc6 12. Ncb5 Bb8 13. Nxc6 bxc6 14. Nd4 Qb7
15. Qa4 Bd7 16. Qa6 Qb6 17. Nb3 Bc8 18. Qa4 Bb7 19. Rc1 a5 20. Bd4 Qd8 21. Nxa5
Ba7 22. Nxb7 Bxd4 23. Qxc6 Qd7 24. Qxd7 Nxd7 1-0

[Event "Aaronson Masters 2nd"]
[Site "London"]
[Date "1979.04.20"]
[Round "9"]
[White "Formanek, Edward W"]
[Black "Kouatly, Bachar"]
[Result "1-0"]
[WhiteElo "2410"]
[BlackElo "2335"]
[PlyCount "105"]
[EventDate "1979.04.12"]
[EventType "swiss"]
[EventRounds "9"]
[EventCountry "ENG"]

1. d4 Nf6 2. c4 g6 3. Nc3 d5 4. Nf3 Bg7 5. e3 O-O 6. Qb3 dxc4 7. Bxc4 c5 8. Ne5
e6 9. dxc5 Nfd7 10. Nxd7 Nxd7 11. Ne4 Kh8 12. Qb4 Qh4 13. Nd6 Ne5 14. Bd2 b6
15. Be2 Qxb4 16. Bxb4 Nc6 17. Ba3 bxc5 18. Rc1 Rb8 19. Rxc5 Bd7 20. Bb5 Ne5 21.
O-O Bxb5 22. Rxb5 Rxb5 23. Nxb5 Rb8 24. Rc1 Nd3 25. Rc2 a6 26. Nd6 Bxb2 27.
Bxb2+ Nxb2 28. Nxf7+ Kg8 29. Ng5 e5 30. h4 h6 31. Ne4 a5 32. Rc7 Rb4 33. Nc3 h5
34. g3 Kf8 35. Kg2 e4 36. Rc5 a4 37. Rb5 Rc4 38. Rxb2 Rxc3 39. Rb4 Ra3 40. Rxe4
Rxa2 41. Re6 Kf7 42. Ra6 Kg7 43. Kf3 Kf7 44. e4 Kg7 45. Ke3 Kf7 46. f3 Kg7 47.
Kf4 Ra3 48. e5 Kh7 49. Ra7+ Kh6 50. e6 Ra1 51. Ke5 a3 52. Kf6 a2 53. f4 1-0

[Event "Aaronson Masters 2nd"]
[Site "London"]
[Date "1979.04.20"]
[Round "9"]
[White "Nicholson, John G"]
[Black "King, Daniel J"]
[Result "0-1"]
[WhiteElo "2310"]
[BlackElo "2265"]
[PlyCount "90"]
[EventDate "1979.04.12"]
[EventType "swiss"]
[EventRounds "9"]
[EventCountry "ENG"]

1. e4 c5 2. Nf3 Nc6 3. d4 cxd4 4. Nxd4 Nf6 5. Nc3 e5 6. Ndb5 d6 7. Bg5 a6 8.
Na3 b5 9. Bxf6 gxf6 10. Nd5 f5 11. Bd3 Be6 12. Qh5 Bg7 13. O-O f4 14. c4 bxc4
15. Bxc4 O-O 16. Rac1 Ne7 17. Rfd1 Rc8 18. Rc2 Kh8 19. Rcd2 Ng6 20. Bxa6 Ra8
21. Bc4 Ra4 22. Bb3 Rxe4 23. Bc2 Rd4 24. Rxd4 exd4 25. Nxf4 Qf6 26. Nh3 h6 27.
Nb5 Ne5 28. Rxd4 Rc8 29. Nc3 Nf3+ 30. gxf3 Qxd4 31. Ng5 Qf4 32. Nxe6 fxe6 33.
Bb3 d5 34. Ne2 Qg5+ 35. Qg4 Bxb2 36. Nf4 Rc6 37. h4 Qxg4+ 38. fxg4 Kg7 39. Nd3
Bd4 40. Kg2 Kf6 41. f4 Rc3 42. Ne1 Be3 43. g5+ Kg6 44. Nd3 Kg7 45. Ne5 Bxf4 0-1

[Event "Aaronson Masters 2nd"]
[Site "London"]
[Date "1979.04.20"]
[Round "9"]
[White "Norman, Kenneth I"]
[Black "Large, Peter G"]
[Result "0-1"]
[WhiteElo "2240"]
[BlackElo "2265"]
[PlyCount "66"]
[EventDate "1979.04.12"]
[EventType "swiss"]
[EventRounds "9"]
[EventCountry "ENG"]

1. Nf3 Nf6 2. c4 e6 3. g3 d5 4. Bg2 b6 5. O-O Bb7 6. d4 Be7 7. Ne5 O-O 8. Nc3
Na6 9. cxd5 exd5 10. Bg5 h6 11. Bf4 Ne4 12. Qa4 Qe8 13. Qb3 Rd8 14. Rac1 c5 15.
dxc5 Naxc5 16. Qc2 Nxc3 17. bxc3 Bd6 18. Nd3 Nxd3 19. Qxd3 Bxf4 20. gxf4 Qa4
21. e3 Ba6 22. Qd1 Qa5 23. Re1 Bc4 24. Qd4 Rc8 25. Rc2 Rc5 26. Rd1 Rfc8 27. Bh3
R8c6 28. Qe5 Rg6+ 29. Kh1 d4 30. Qe8+ Kh7 31. Rxd4 Bd5+ 32. e4 Rxc3 33. Rcd2
Rc1+ 0-1

[Event "Aaronson Masters 2nd"]
[Site "London"]
[Date "1979.04.20"]
[Round "9"]
[White "Rivas Pastor, Manuel"]
[Black "Ligterink, Gert"]
[Result "1-0"]
[WhiteElo "2365"]
[BlackElo "2440"]
[PlyCount "59"]
[EventDate "1979.04.12"]
[EventType "swiss"]
[EventRounds "9"]
[EventCountry "ENG"]

1. d4 Nf6 2. Nf3 e6 3. c4 b6 4. Bf4 Bb7 5. e3 Bb4+ 6. Nbd2 Be7 7. h3 O-O 8. Bd3
c5 9. O-O Nc6 10. Rc1 cxd4 11. exd4 d5 12. Re1 Rc8 13. Bb1 Re8 14. a3 dxc4 15.
Nxc4 b5 16. Ne3 Qb6 17. d5 Red8 18. d6 e5 19. Nf5 exf4 20. Rxe7 Nxe7 21. Nxe7+
Kf8 22. Nxc8 Bxc8 23. Ne5 Bb7 24. d7 Qe6 25. Rc5 a6 26. Bf5 Qe7 27. Qd4 g6 28.
Ng4 Ng8 29. Re5 Qh4 30. Qd6+ 1-0

[Event "Aaronson Masters 2nd"]
[Site "London"]
[Date "1979.04.20"]
[Round "9"]
[White "Strauss, David J"]
[Black "Nikolic, Stanimir"]
[Result "1-0"]
[WhiteElo "2345"]
[BlackElo "2440"]
[PlyCount "111"]
[EventDate "1979.04.12"]
[EventType "swiss"]
[EventRounds "9"]
[EventCountry "ENG"]

1. c4 f5 2. g3 Nf6 3. Bg2 e6 4. Nc3 c6 5. d4 d5 6. Nf3 Bd6 7. Bf4 Bxf4 8. gxf4
dxc4 9. Ne5 Nd5 10. e3 Qh4 11. Nxc4 O-O 12. Qf3 Nd7 13. Rc1 Nb4 14. O-O Qe7 15.
a3 Nd5 16. b4 N7f6 17. Qe2 Bd7 18. Bf3 Kh8 19. Kh1 Be8 20. Rg1 Rg8 21. Nxd5
exd5 22. Ne5 h6 23. Qc2 Qe6 24. b5 g5 25. bxc6 Bxc6 26. Qc5 g4 27. Bg2 Be8 28.
Qb4 b6 29. Rc7 a5 30. Qe7 Qxe7 31. Rxe7 Ne4 32. Bxe4 dxe4 33. Rc1 Rg7 34. Re6
Rb7 35. d5 Kg7 36. d6 Bf7 37. Nxf7 Rxf7 38. Rb1 Rb8 39. Rb5 Rf6 40. Re7+ Rf7
41. Rxf5 Rxe7 42. dxe7 Re8 43. Rb5 Rxe7 44. Rxb6 Rc7 45. Rb5 Ra7 46. Re5 Kg6
47. Rxe4 Kh5 48. Kg2 Kh4 49. a4 Ra6 50. Re5 h5 51. Rf5 Ra7 52. e4 Rc7 53. e5
Rc6 54. Rf7 Rc4 55. e6 Rxa4 56. Rf5 1-0

[Event "Aaronson Masters 2nd"]
[Site "London"]
[Date "1979.04.20"]
[Round "9.8"]
[White "Chandler, Murray G"]
[Black "Kopec, Danny"]
[Result "1-0"]
[WhiteElo "2380"]
[BlackElo "2365"]
[PlyCount "65"]
[EventDate "1979.04.12"]
[EventType "swiss"]
[EventRounds "9"]
[EventCountry "ENG"]
[SourceTitle "BritBase 08May2020"]
[Source "John Saunders"]
[SourceDate "2020.05.06"]
[SourceVersion "1"]
[SourceVersionDate "2020.05.06"]
[SourceQuality "1"]

1. e4 c5 2. c3 Nf6 3. e5 Nd5 4. d4 cxd4 5. Nf3 Nc6 6. cxd4 d6 7. Bc4 e6 8. O-O
Be7 9. a3 O-O 10. Qe2 Qb6 11. Rd1 dxe5 12. dxe5 Rd8 13. Qe4 Na5 14. Nbd2 Bd7
15. Bd3 g6 16. Nc4 Nxc4 17. Bxc4 Ba4 18. Re1 Bc6 19. Bg5 Nc7 20. Qf4 Bxf3 21.
Bxe7 Rd4 22. Qxf3 Rxc4 23. b3 Rc2 24. Rac1 Rxc1 25. Rxc1 Nd5 26. Bd6 Qd8 27.
Rc2 h5 28. h3 Rc8 29. Qd1 Nf4 30. Kh2 b6 31. a4 Kh7 32. Rxc8 Qxc8 33. Qf3 {
Source: Chandler scoresheet} 1-0